Coldest Countries by Continent - Statistics

General Stats
  • This quiz has been taken 1,264 times
    1,245 since last reset
  • The average score is 22 of 26
Answer Stats
Temperature Country % Correct
Asia -5.1 Russia
98%
Europe -5.1 Russia
98%
North America -5.35 Canada
95%
Europe 1.5 Norway
95%
North America 8.55 United States
95%
Europe 1.7 Finland
94%
Europe 2.1 Sweden
94%
South America 8.45 Chile
92%
Europe 1.75 Iceland
92%
Asia -0.7 Mongolia
92%
South America 14.8 Argentina
90%
Asia 6.95 China
89%
Asia 6.4 Kazakhstan
89%
Europe 5.1 Estonia
87%
Oceania 10.55 New Zealand
87%
Europe 5.6 Latvia
85%
Asia 5.7 North Korea
80%
Europe 6.15 Belarus
75%
Asia 1.55 Kyrgyzstan
75%
Asia 2 Tajikistan
75%
Asia 8.1 Nepal
72%
Europe 5.5 Switzerland
70%
Asia 7.4 Bhutan
66%
Asia 5.8 Georgia
66%
Europe 5.65 Liechtenstein
52%
Africa 11.85 Lesotho
50%
No matching quizzes found
Score Distribution
Percent of People with Each Score
Percentile by Number Answered
Your Score History
You have not taken this quiz since the last reset